| 000 | 00405nam a22001337a 4500 | ||
|---|---|---|---|
| 008 | 230523b |||||||| |||| 00| 0 eng d | ||
| 020 | _a0905273303 | ||
| 050 |
_aBL42 _b.N49 1982 vol.7 |
||
| 245 |
_aNew directions in religious education/ _cEdited by John Hull |
||
| 250 | _aRoutledge library ditions: eduction and religion | ||
| 260 |
_aLondon _bRoutledge _c1982 |
||
| 300 | _axvi, 211p. | ||
| 942 |
_2lcc _cBK |
||
| 999 |
_c20147 _d20146 |
||